Strategic management :a dynamic perspective : concepts and cases / (Record no. 2587)

000 -LEADER
fixed length control field 01260cam a22003254a 4500
001 - CONTROL NUMBER
control field 14213185
003 - CONTROL NUMBER IDENTIFIER
control field OSt
005 - DATE AND TIME OF LATEST TRANSACTION
control field 20160808124027.0
008 - FIXED-LENGTH DATA ELEMENTS--GENERAL INFORMATION
fixed length control field 051229s2007 njua b 001 0 eng
010 ## - LIBRARY OF CONGRESS CONTROL NUMBER
LC control number 2005037878
020 ## - INTERNATIONAL STANDARD BOOK NUMBER
International Standard Book Number 013145353X (hardcover : alk. paper)
020 ## - INTERNATIONAL STANDARD BOOK NUMBER
International Standard Book Number 9780131453531
035 ## - SYSTEM CONTROL NUMBER
System control number (OCoLC)ocm62766112
040 ## - CATALOGING SOURCE
Original cataloging agency DLC
Transcribing agency DLC
Modifying agency BAKER
-- C#P
-- DLC
042 ## - AUTHENTICATION CODE
Authentication code pcc
050 00 - LIBRARY OF CONGRESS CALL NUMBER
Classification number HD30.28.C37 2007
082 00 - DEWEY DECIMAL CLASSIFICATION NUMBER
Classification number 658.4/092
Edition number 22
100 1# - MAIN ENTRY--PERSONAL NAME
Personal name Carpenter, Mason Andrew,
Dates associated with a name 1961-
245 10 - TITLE STATEMENT
Title Strategic management :a dynamic perspective : concepts and cases /
Statement of responsibility, etc Mason A. Carpenter, Wm. Gerard Sanders.
260 ## - PUBLICATION, DISTRIBUTION, ETC. (IMPRINT)
Place of publication, distribution, etc Upper Saddle River, N.J. :
Name of publisher, distributor, etc Pearson/Prentice Hall,
Date of publication, distribution, etc c2007.
300 ## - PHYSICAL DESCRIPTION
Extent xvi, 687 p. :
Other physical details ill. (chiefly col.) ;
Dimensions 29 cm.
504 ## - BIBLIOGRAPHY, ETC. NOTE
Bibliography, etc Includes bibliographical references and indexes.
650 #0 - SUBJECT ADDED ENTRY--TOPICAL TERM
Topical term or geographic name as entry element Strategic planning.
650 #0 - SUBJECT ADDED ENTRY--TOPICAL TERM
Topical term or geographic name as entry element Industrial management.
700 1# - ADDED ENTRY--PERSONAL NAME
Personal name Sanders, William Gerard,
Dates associated with a name 1957-
856 41 - ELECTRONIC LOCATION AND ACCESS
Materials specified Table of contents only
Uniform Resource Identifier <a href="http://www.loc.gov/catdir/toc/ecip065/2005037878.html">http://www.loc.gov/catdir/toc/ecip065/2005037878.html</a>
906 ## - LOCAL DATA ELEMENT F, LDF (RLIN)
a 7
b cbc
c orignew
d 1
e ecip
f 20
g y-gencatlg
942 ## - ADDED ENTRY ELEMENTS (KOHA)
Source of classification or shelving scheme
Koha item type Book
Holdings
Withdrawn status Lost status Source of classification or shelving scheme Damaged status Not for loan Home library Current library Shelving location Date acquired Total Checkouts Full call number Barcode Date last seen Copy number Price effective from Koha item type Total Renewals Date checked out
          Riara University Library Riara University Library General stack 08/08/2016   HD30.28.C37 2007 4206/16 08/08/2016 C.1 08/08/2016 Book    
          Riara University Library Riara University Library General stack 08/08/2016 2 HD30.28.C37 2007 7987/16 23/11/2017 C.2 08/08/2016 Book 1 14/11/2017

Riara University Library,
P.O. Box 49940-00100,
Nairobi, Kenya.